|
|
|
|
| LEADER |
00000nam a22000007a 4500 |
| 005 |
2021081901371.0 |
| 007 |
cr|||| |||| |
| 008 |
210819s2020 br |||||s|||| 00||0 por d |
| 020 |
|
|
|a 978-65-884701-76
|
| 035 |
|
|
|a 35094
|
| 040 |
|
|
|a vLex
|
| 090 |
|
|
|c 12061
|d 12061
|
| 100 |
1 |
|
|a Neves dal Pozzo, Augusto
|
| 245 |
1 |
1 |
|a O direito administrativo da infraestrutura
|h [Recurso electrn̤ico] /
|c Augusto Neves dal Pozzo
|
| 256 |
|
|
|a Servicio en ln̕ea
|
| 260 |
|
|
|a San Pablo:
|b Editora ContraCorrente,
|c 2020
|
| 300 |
|
|
|a 1 recurso electrn̤ico
|
| 506 |
1 |
|
|a Disponible solo en los productos indicados
|d vLex Global
|d vLex Global (Academic Edition, excluding Law Schools)
|d vLex Global (U.S. Academic Edition, Law Schools)
|d vLex Global (U.S. Academic Edition, excluding Law Schools)
|d vLex Global (Academic Edition, Law Schools)
|
| 650 |
0 |
4 |
|a Derecho Pb︢lico y Administrativo
|z Brasil
|
| 740 |
0 |
|
|a vLex Libros (Servicio en ln̕ea)
|
| 856 |
4 |
0 |
|u https://app.vlex.com/#/sources/35094
|z Acceso restringido
|
| 942 |
|
|
|c BOOK
|
| 999 |
0 |
|
|a Public and Administrative Law
|